000 01757nam0a22003251 4500
001 rc\4968135
005 20260413134942.0
021 _aRU
_b[59-2144]
035 _a(NLR Aleph) 008962024
090 _a9070262
_c9070262
100 _a20130426d1958 u y0rusy50 ca
101 0 _arus
102 _aRU
105 _aa z |||||
200 1 _aХарактер и роль трения в процессе износа инструмента при обработке жаропрочных сплавов резанием
_fГос. науч.-техн. ком. Совета Министров СССР. Акад. наук СССР. Филиал Всесоюз. ин-та науч. и техн. информации
210 _aМосква
_cБ. и.
_d1958
215 _a24 с.
_cил.
_d26
225 1 _aПередовой научно-технический и производственный опыт
_vТема 11
_iРежущие инструменты, абразивы и заточные работы
_v№ М-58-351/19
300 _aПеред загл. авт.: канд. техн. наук К.Ф. Романов, инж. С.А. Голубев
300 _aНа обл. авт. не указаны
606 _aЖаропрочные сплавы
_xОбработка
_2psbo
606 _aРежущие инструменты
_xИзнос
_2psbo
700 1 _7ca
_8rus
_aРоманов
_bК. Ф.
_cканд. техн. наук, обработка металла
_gКонстантин Федорович
_92704849
_3RU\NLR\AUTH\770292214
701 1 _aГолубев
_bС.А.
_gСергей Андреевич
801 0 _aRU
_bNLR
_gpsbo
801 1 _aRU
_bELAR
_2rusmarc
852 _aNLR
_jП11/1538
942 _cBOOK
980 _aNB